Schutzian Social Science : (Record no. 607292)

MARC details
000 -LEADER
fixed length control field 00513nam a2200193 a 4500
008 - FIXED-LENGTH DATA ELEMENTS--GENERAL INFORMATION
fixed length control field 260105s1999##################000#0#eng##
020 ## - INTERNATIONAL STANDARD BOOK NUMBER
ISBN 9780792360032
082 04 - DEWEY DECIMAL CLASSIFICATION NUMBER
Classification number 300
Item number EMB
100 1# - MAIN ENTRY--AUTHOR NAME
Personal name Embree, Lester E.,
245 10 - TITLE STATEMENT
Title Schutzian Social Science :
260 ## - PUBLICATION, DISTRIBUTION, ETC. (IMPRINT)
Name of publisher Springer Science & Business Media,
Year of publication 1999.
300 ## - PHYSICAL DESCRIPTION
Number of Pages 356 pages
650 #0 - SUBJECT ADDED ENTRY--TOPICAL TERM
Topical Term Philosophy.
942 ## - ADDED ENTRY ELEMENTS (KOHA)
Koha item type English Books
Holdings
Withdrawn status Lost status Damaged status Not for loan Home library Current library Shelving location Date acquired Full call number Accession Number Price effective from Koha item type
        Anna Centenary Library Anna Centenary Library 3RD FLOOR, B WING 05.01.2026 300 EMB 304670 05.01.2026 English Books

Find us on the map